000 00622nam a2200229Ia 4500
003 OSt
005 20221006164028.0
006 a|||||r|||| 00| 0
007 ta
008 221006b |||||||| |||| 00| 0 hin d
024 _a5,376
037 _cTextual
040 _aFML
_cFML
_bhin
041 _2hin
_ahin
082 _aN744, M5
100 _aVasant Yamdagni Au.
_9676479
245 0 _aRaas Leela
_b Leela Lok Naatya
260 _aNew Delhi
_bPrakashan Vibhag Govt. of India India
_c1985
300 _a81
_ccm.
942 _hN744, M5
_cTEXL
_2CC
999 _c1116033
_d1116033